El diccionario académico de americanismos: pautas para un examen integral del Diccionario de la lengua española de la Real Academia Española

Guardat en:
Dades bibliogràfiques
Autor principal: Ferreccio Podestá, Mario (Autor)
Format: Llibre
Idioma:espanyol
Publicat: Santiago Universidad de Chile 1978
Matèries:
Etiquetes: Afegir etiqueta
Sense etiquetes, Sigues el primer a etiquetar aquest registre!

MARC

LEADER 00000cam a2200000 a 4500
001 UCZ7792
003 CL-VaPUC
008 960112e19780000CL |||||||||||||||||spa|d
082 0 4 |a 463  |b FER  |2 21 
100 0 |a Ferreccio Podestá, Mario  |e author  |9 352768 
245 1 3 |a El diccionario académico de americanismos: pautas para un examen integral del Diccionario de la lengua española de la Real Academia Española 
300 |a 306 p 
942 |c BK 
945 |d 19960112 00:00:00  |a rleighto 
260 |a Santiago  |b Universidad de Chile  |c 1978 
650 0 |a Diccionarios  |9 256200 
650 0 |a Americanismos  |9 255374 
583 |a last modification  |c 20150721 04:03:41  |k Rodrigo Vera 
999 |c 243792  |d 243790 
952 |0 0  |1 0  |4 0  |6 463_000000000000000_FER_1978  |7 0  |8 X  |9 257591  |a BIBEDU  |b BIBEDU  |d 2019-11-19  |i 3166465  |o 463 FER 1978  |p 3166465  |r 2023-01-13  |w 2019-11-19  |y BK_X  |k LIT 
952 |0 0  |1 0  |3 erb  |4 0  |6 463_000000000000000_FER_1978  |7 0  |8 X  |9 257592  |a BIBEDU  |b BIBEDU  |i 5191394  |o 463 FER 1978  |p 5191394  |r 2023-01-13  |w 2019-11-19  |y BK_X  |z Catalogado en:20150728  |k LIT